Statistiques concernant Trouver l'écrivain (par rapport au titre du livre)

Cliquez ici pour prendre le quiz!

Statistiques générales

  • Ce quiz a été pris 834 fois
  • Le résultat moyen est 12 sur 19

Statistiques - réponses

Titre de l'oeuvreAuteur% Correct
Les MisérablesVictor Hugo
98%
Le Malade imaginaireMolière
97%
Le Tour du monde en 80 joursJules Verne
90%
Le Rouge et le NoirStendhal
90%
Bel-AmiGuy de Maupassant
89%
CandideVoltaire
89%
Madame BovaryGustave Flaubert
82%
Le CidPierre Corneille
82%
NanaEmile Zola
77%
Le Comte de Monte-CristoAlexandre Dumas
71%
AndromaqueJean Racine
64%
A l'ombre des jeunes filles en fleursMarcel Proust
49%
Illusions perduesHonoré de Balzac
44%
On ne badine pas avec l'amourAlfred de Musset
41%
La Princesse de ClèvesMadame de La Fayette
41%
Les Rêveries du promeneur solitaireJean-Jacques Rousseau
40%
Le Neveu de RameauDenis Diderot
29%
AtalaFrançois-René de Chateaubriand
25%
Les ProvincialesBlaise Pascal
14%

Distribution des résultats

Percentile par nombre de réponses

% des personnes avec chaque résultat

Votre développement - résultats

Vous n’avez pas pris ce quiz